Principales enfermedades de las abejas /

Guardado en:
Autor Principal: Llorente Martínez, Jesús.
Formato: Libro
Idioma:Spanish
Publicado: Madrid : Ministerio de Agricultura, Pesca y Alimentación, 2003.
Edición:3a ed.
Materias:
Etiquetas: Agregar Etiqueta
Sin Etiquetas, Sea el primero en etiquetar este registro!
LEADER 00882nam a22001815a 4500
001 EEA.libagro007522
005 20180510114626.0
008 130809s2003####sp#a##########000#0#spa#d
020 |a 844910582X 
082 0 4 |a 638.15 
100 1 |a Llorente Martínez, Jesús. 
245 1 0 |a Principales enfermedades de las abejas /  |c Jesús Llorente Martínez. 
250 |a 3a ed. 
260 |a Madrid :  |b Ministerio de Agricultura, Pesca y Alimentación,  |c 2003. 
300 |a 158 p. :  |b il. col., fot. col. ;  |c 24 cm. 
505 0 |a Prólogo -- Introducción -- Anatomía y fisiología de las abejas -- Bacterias -- Virus -- Hongos -- Parásitos -- Enfermedades de las abejas -- Patologías de la reina -- Enfermedades de etiología nutricional y accidentes -- Profilaxis -- Análisis laboratorial -- Bibliografía. 
650 7 |a Apicultura  |2 agrovoc 
859 |a AR-BbBCA  |b BIB. AGRONOMIA  |h 638.15  |i L792a3  |p 2005/4910